000 00557cam a2200193ua 4500
001 11647
008 191014n ii |||gr||||Z||||||eng
020 _a9788131720776
040 _cMAIN
082 _a380
100 _a Soumitra Kumar Choudhury et.all,
_eContributors.
110 _aUniversity of Delhi.
245 _aBusiness English
_cContributed by Soumitra Kumar Choudhury et.all
250 _a10th ed.
260 _aTamil nadu:
_bPearson Education,
_c2019.
300 _a392p.
653 _aCommerce, communications & transportation
942 _cBK
999 _c10459
_d10459